Genshin Impact - Exécuteurs Fatui (noms de code) - Statistiques

Statistiques générales
  • Ce quiz a été pris 255 fois
  • Le résultat moyen est 4 sur 11
Statistiques - réponses
Indice Réponse % Correct
Tartaglia Jeune Sire
68%
Dottore Le Docteur
65%
Arlecchino Valet
53%
Capitano Capitaine
50%
Sandrone Pantin
35%
Pierro Le Fou
23%
Scaramouche Vagabond
23%
Columbina Jouvencelle
20%
Pulcinella Coq
16%
Signora La Demoiselle
13%
Pantalone Fortuné
10%
Aucun quiz correspondant
Distribution des résultats
% des personnes avec chaque résultat
Percentile par nombre de réponses
Votre historique - résultats
Vous n’avez pas pris ce quiz